| 000 | 00488nam a2200193Ia 4500 | ||
|---|---|---|---|
| 005 | 20250423101719.0 | ||
| 008 | 250422s9999 xx 000 0 und d | ||
| 020 | _a9781119633181 | ||
| 050 | _aTH 435 .S26/ | ||
| 100 | _aLee, Sandra | ||
| 245 | 0 | _aWillis's elements of quantity surveying | |
| 250 | _a13th ed. | ||
| 260 | _aUnited Kingdom | ||
| 260 | _bWiley-Blackwell | ||
| 260 | _c2020 | ||
| 300 | _a320 p | ||
| 650 | _aBuilding--Estimates. Quantity surveying. | ||
| 942 | _cBK | ||
| 999 |
_c37061 _d37061 |
||